| 000 | 00538 a2200157 4500 | ||
|---|---|---|---|
| 008 | 110519t xxu||||| |||| 00| 0 eng d | ||
| 020 | _a9781405026284 | ||
| 050 |
_aPE1625 _b.M33 2007 |
||
| 245 | _aMacmillan English dictionary for advanced leaners | ||
| 250 | _a2nd.ed. | ||
| 260 |
_bMacmillan _c2007 _aOxford |
||
| 300 |
_aXi, _c24cm |
||
| 650 | _2Dictionary | ||
| 942 |
_cREF _2lcc |
||
| 999 |
_c38204 _d38204 |
||